| 000 | 00716nam a2200193 a 4500 | ||
|---|---|---|---|
| 003 | 0 | ||
| 005 | 20250325113725.0 | ||
| 008 | 071121s19uu xx 00 eng d | ||
| 050 |
_aPHS P 53.1 _b.C545 2007 |
||
| 100 | _aChoi, Bo-Ram. | ||
| 245 |
_aRelationship between exposure to and usage of target language and proficiency level / _cBo Ram Choi. |
||
| 260 |
_aLas PiƱas City, Philippines : _bSouthville International School and Colleges, _c2007. |
||
| 300 |
_a25 pages : _billustrations ; _c28 cm. |
||
| 504 | _aIncludes bibliographical references. | ||
| 650 |
_aLanguage proficiency _xEvaluation. |
||
| 650 |
_aLanguage and languages _xStudy and teaching. |
||
| 650 | _aLanguage acquisition. | ||
| 942 |
_2lcc _cPASS |
||
| 999 |
_c97809 _d97809 |
||